| 000 | 00599cac a22001811u 4500 | ||
|---|---|---|---|
| 090 | _c4930 | ||
| 008 | 081223t xxu||||| |||| 00| 0 eng d | ||
| 010 | _a28511034 | ||
| 020 | _a0321115260 | ||
| 082 |
_a331 _bEHR |
||
| 245 |
_aModern labour economics : _btheory and public policy / _cRonald G. Ehrenberg, Robert S. Smith, Richard P Chaykowski. |
||
| 250 | _bCanadian ed. | ||
| 260 |
_aToronto : _bPearson Addison Wesley, _cc2004. |
||
| 300 |
_a560 p. : _bill; _c25 cm. |
||
| 500 | _aIncludes index. | ||
| 500 | _aSome eds. published under title: Modern Labor economics. | ||
| 942 |
_cNB _k331EHR _2ddc |
||
| 999 |
_c4930 _d4930 |
||